000 00542nam a2200193Ia 4500
005 20250508160934.0
008 008 250505s9999 xx 000 0 eng d
037 _aTextual
040 _aFEDL
_beng
_cFEDL
041 _aeng
_2eng
084 _a155.5, PHI
_qFEDL
100 _aPhillips A. S.
_9769527
245 0 _aAdolescence in jamaica
260 _aLondon, UK
_bJamaica Publishing House Macmillan
_c1973
300 _aviii,148p.
650 _aChild Psychology
942 _cTEXL
_h155.5, PHI
999 _c1367510
_d1367510